<?xml version="1.0" encoding="UTF-8"?>
<record
    xmlns:xsi="http://www.w3.org/2001/XMLSchema-instance"
    xsi:schemaLocation="http://www.loc.gov/MARC21/slim http://www.loc.gov/standards/marcxml/schema/MARC21slim.xsd"
    xmlns="http://www.loc.gov/MARC21/slim">

  <leader>00770nam a22001815i 4500</leader>
  <controlfield tag="001">164479</controlfield>
  <controlfield tag="003">ES-MaACL</controlfield>
  <controlfield tag="005">20251015063145.0</controlfield>
  <controlfield tag="008">990709s1802    sp           |||| | spa d</controlfield>
  <datafield tag="040" ind1=" " ind2=" ">
    <subfield code="a">CYL </subfield>
    <subfield code="b">spa </subfield>
    <subfield code="c">CYL</subfield>
  </datafield>
  <datafield tag="100" ind1="1" ind2="0">
    <subfield code="a">Salv&#xE1;, Francisco, </subfield>
    <subfield code="d">1751-1828</subfield>
    <subfield code="9">132347</subfield>
  </datafield>
  <datafield tag="245" ind1="1" ind2="0">
    <subfield code="a">Exposicion de la ense&#xF1;anza de medicina clinica en el Real estudio erigido por S.M. / </subfield>
    <subfield code="c">bajo la direccion de la Real Academia Medico-Practica  de Barcelona a&#xF1;o 1801 por Francisco Salv&#xE1;.</subfield>
  </datafield>
  <datafield tag="260" ind1=" " ind2=" ">
    <subfield code="a">Barcelona : </subfield>
    <subfield code="b">Heredero de Mateo Barcel&#xF3;, </subfield>
    <subfield code="c">1802 (</subfield>
    <subfield code="f">Impresor Plaza de Junqueras)</subfield>
  </datafield>
  <datafield tag="300" ind1=" " ind2=" ">
    <subfield code="a">[16], 195 p. ; </subfield>
    <subfield code="c">21 cm.</subfield>
  </datafield>
  <datafield tag="650" ind1=" " ind2="7">
    <subfield code="a">Medicina cl&#xED;nica</subfield>
    <subfield code="2">embne</subfield>
    <subfield code="9">14921</subfield>
  </datafield>
  <datafield tag="852" ind1=" " ind2=" ">
    <subfield code="a">ES-MaACL</subfield>
    <subfield code="j">R-3099(1)   </subfield>
    <subfield code="z">-- Enc. hol.   </subfield>
    <subfield code="d">-- </subfield>
    <subfield code="x"> Olim: G-9619</subfield>
  </datafield>
  <datafield tag="999" ind1=" " ind2=" ">
    <subfield code="c">164479</subfield>
    <subfield code="d">164479</subfield>
  </datafield>
  <datafield tag="952" ind1=" " ind2=" ">
    <subfield code="0">0</subfield>
    <subfield code="1">0</subfield>
    <subfield code="4">0</subfield>
    <subfield code="7">0</subfield>
    <subfield code="8">LIBXIX</subfield>
    <subfield code="a">ATENEOM</subfield>
    <subfield code="b">ATENEOM</subfield>
    <subfield code="c">DEPO</subfield>
    <subfield code="d">2008-01-17</subfield>
    <subfield code="e">SSC</subfield>
    <subfield code="l">0</subfield>
    <subfield code="o">R-3099(1)</subfield>
    <subfield code="p">1172410</subfield>
    <subfield code="r">2023-02-23 00:00:00</subfield>
    <subfield code="w">2023-02-23</subfield>
    <subfield code="y">MONANT</subfield>
  </datafield>
</record>
